Post-communist reform (Бичлэгийн дугаар. 146405)
| 000 -УДИРДЛАГА | |
|---|---|
| Удирдлага | 00963nam a22003017a 4500 |
| 003 - ХЯНАЛТЫН ТОО ТОДОРХОЙЛОГЧ | |
| Код | MN-UlNUM |
| 005 - БИЧИЛТ ХИЙСЭН ОГНОО | |
| Тухайн бичилтийг бичсэн засварласан сүүлийн огноо | 20260310155925.0 |
| 008 - ЕРӨНХИЙ МЭДЭЭЛЭЛ | |
| Ерөнхий мэдээлэл | 260310s1993 maua b 001 0 eng |
| 020 ## - ISBN | |
| ISBN | 0262023628 |
| -- | 0262023627 |
| 040 ## - БИЧЛЭГ ҮҮСГЭГЧ БАЙГУУЛЛАГА | |
| Бичлэг үүсгэгч номын сангийн код | МУИС-ийн номын сан |
| 084 ## - ББК АНГИЛАЛ | |
| Нэмэлт тусгалт | Нэг сэдэвт бүтээл |
| ББК ангилал | 65.7 |
| Зохиогчийн гурван тэмдэгт | P 86 |
| Мэдлэгийн ялгаа | 65 - Эдийн засаг |
| 245 ## - ҮНДСЭН ГАРЧИГ | |
| Номын нэр | Post-communist reform |
| Бага гарчгийн мэдээ | pain and progress |
| Оролцогчдын тухай мэдээ | Olivier Blanchard |
| 260 ## - ГАРАЛТЫН МЭДЭЭ | |
| Хэвлэгдсэн газар | Cambridge, Mass |
| Хэвлэлийн газар | MIT Press |
| Хэвлэгдсэн он | 1993. |
| 300 ## - МАТЕРИАЛЫН ТОДОРХОЙЛОЛТ | |
| хуудасны тоо | viii, 183 p. : |
| Бусад тоон мэдээлэл | ill. ; |
| Хэмжээ | 22 cm |
| 500 ## - Тайлбар | |
| Дансны дугаар | БС 4436 |
| 546 ## - ХЭЛНИЙ ТУХАЙ МЭДЭЭ | |
| Хэл | Англи хэл дээр, |
| 653 ## - Түлхүүр үг | |
| Түлхүүр үг | Russia |
| 653 ## - Түлхүүр үг | |
| Түлхүүр үг | economic conditions |
| 653 ## - Түлхүүр үг | |
| Түлхүүр үг | former soviet republics |
| 653 ## - Түлхүүр үг | |
| Түлхүүр үг | Europe |
| 740 ## - НОМЫН ГАРЧИГ | |
| Гарчиг | Stabilization versus Reform? Russia's First Year |
| 740 ## - НОМЫН ГАРЧИГ | |
| Гарчиг | The politics of Russian Privatization |
| 740 ## - НОМЫН ГАРЧИГ | |
| Гарчиг | Payments Arrangements among the Republics |
| 740 ## - НОМЫН ГАРЧИГ | |
| Гарчиг | The process of restructuring in Poland |
| 942 ## - ЭЛЕМЕНТИЙН ТӨРӨЛ | |
| Зүйлийн төрөл | Ном |
